00512nam a2200193 a 4500001001300000003000900013005001700022008004100039020002300080082001400103100002100117245002300138260004400161300001000205500003500215505002400250650002300274700002100297nice12345678IN_TiNIC20260116014721.0131111s2008 lona grp 000 0 eng  a9780199536238c18500a820bDIC1 aDickens, Charles aTale of Two Cities aLondan bOxford University Press c2008 a406p  aincludes index and biblioraphy2 aSelect Bibliography aEnglish-Literature1 aDickens, Charles